000 01419nam a2200313 a 4500
001 BRCA_3071
005 20190320204109.0
008 270109s1815----be-a---###---#000-0#fre-u
041 _afre
044 _afr
084 _a379
_b.L46
_c1815
100 1 _aCervantes Saavedra, Miguel de
_d1547-1616
_9213
245 1 0 _aDon Quichotte de la Manche
_cMiguel de Cervantes Saavedra.
260 _aLieja
_bLemarié
_c1815
300 _a2 v.
_bil.
_c15 cm.
500 _aContenido : v 1. Primera parte. Advertencia del traductor. Prólogo del autor. Texto. -- v 4. Segunda parte. Prefacio del traductor. Prólogo del autor. Texto
500 _aEdición : Traduit de l´Espagnol de Michel de Cervantes par Florian. Ouvrage posthume. Avec figures
500 _aEdición similar a la anterior. Las láminas son copia de las de Lefèvre y Lebarbier publicadas en la edición parisiense de 1799. Piel; lomos y planos con adornos dorados Lúdovik Osterc
500 _aQM994
546 _aTexto en : francés
650 1 4 _aNovela española
_yÉpoca clásica, 1500-1700
_9215
650 1 4 _aLiteratura española
_yÉpoca clásica, 1500-1700
_9216
650 1 4 _aNovela española
_ySiglo XVII
_9217
650 1 4 _aDon Quijote (Personaje ficticio)
_eNovela
_9218
700 1 _aFlorian, Jean-Pierre Claris de
_d1755-1794
_eTraductor
_98396
740 0 _aEl Ingenioso Hidalgo Don Quijote de la Mancha
902 _aQFM
942 _2lcc
_cB
999 _c2807
_d2807